[Event "Calvia Amateur op 13th"]
[Site "Calvia"]
[Date "2016.10.15"]
[Round "8"]
[White "Molet, Asher"]
[Black "Kamm, Guenther"]
[Result "1/2-1/2"]
[WhiteElo "1597"]
[BlackElo "2009"]
[PlyCount "45"]
[EventDate "2016.10.08"]
[EventType "swiss"]
[EventRounds "9"]
[EventCountry "ESP"]
[SourceTitle "CBM 175 Extra"]
[Source "ChessBase"]
[SourceDate "2016.12.12"]
[SourceVersion "1"]
[SourceVersionDate "2016.12.12"]
[SourceQuality "1"]

1. d4 Nf6 2. Nf3 c5 3. e3 g6 4. c4 Bg7 5. Nc3 0-0 6. Be2 d6 7. 0-0 Nc6 8. b3 e5 9. dxe5 dxe5 10. Bb2 e4 11. Nd2 Qe7 12. Qc2 Nb4 13. Qb1 Rd8 14. Rd1 Bf5 15. a3 Nd3 16. Bxd3 Rxd3 17. Nf1 Rad8 18. Rxd3 Rxd3 19. Qc2 Qd6 20. Rd1 Bg4 21. Rd2 Bf5 22. Rxd3 exd3 23. Qd1 1/2-1/2

[Event "Schwarzach op 27th"]
[Site "Schwarzach"]
[Date "2012.08.18"]
[Round "1"]
[White "Kamm, Guenther"]
[Black "Biti, Ozren"]
[Result "0-1"]
[WhiteElo "2060"]
[BlackElo "2396"]
[PlyCount "52"]
[EventDate "2012.08.18"]
[EventType "swiss"]
[EventRounds "9"]
[EventCountry "AUT"]
[SourceTitle "CBM 150 Extra"]
[Source "ChessBase"]
[SourceDate "2012.10.19"]
[SourceVersion "1"]
[SourceVersionDate "2012.10.19"]
[SourceQuality "1"]

1. Nf3 d6 2. c4 e5 3. Nc3 f5 4. d3 Nf6 5. g3 Be7 6. Bg2 0-0 7. 0-0 Qe8 8. c5 Kh8 9. cxd6 cxd6 10. Qb3 Nc6 11. a4 Qh5 12. Nd5 Nxd5 13. Qxd5 Qg6 14. a5 a6 15. Qb3 Rb8 16. Nh4 Qe8 17. Be3 f4 18. Bb6 Bxh4 19. gxh4 Be6 20. Bd5 Bxd5 21. Qxd5 Rf6 22. Qf3 Rh6 23. Kh1 Rxh4 24. Rg1 Qe6 25. e3 Qh6 26. Rg2 Rh3 0-1